000 003180000a22001450004500
003 MACL
040 _aMACL
090 _c6215
_d6214
100 _aShah, Ghanshyam
245 _aGandhian Approach To Rural Development
260 _bAjanta Publications
_c1983
350 _a50
650 _aSociology
942 _cBOOK
_k300
999 _c6167
_d6167